[Event "Sparkassen Open A"]
[Site "Dortmund GER"]
[Date "2010.07.24"]
[Round "8"]
[White "Sundorf,Jannik"]
[Black "Bub,V"]
[Result "1/2-1/2"]
[WhiteElo "2070"]
[BlackElo "2193"]
[EventDate "2010.07.17"]

1. d4 Nf6 2. c4 g6 3. Nc3 c5 4. d5 d6 5. e4 Bg7 6. Be2 O-O 7. Nf3 e6 8. O-O
exd5 9. cxd5 a6 10. a4 Nbd7 11. Bf4 Ne8 12. Nd2 Ne5 13. Bg3 f5 14. f4 Nf7
15. Qb3 Rb8 16. Bxa6 fxe4 17. Ndxe4 Bf5 18. Be2 Nh6 19. Rae1 Qa5 20. Bb5
Bxe4 21. Rxe4 Nf5 22. Rxe8 Rfxe8 23. Bxe8 Nd4 24. Qd1 Rxe8 25. Re1 Rxe1+
26. Qxe1 h6 27. h3 Qb4 28. Nb5 Qxe1+ 29. Bxe1 Nxb5 30. axb5 Bxb2 31. Kf2 h5
32. Ke3 Kf7 33. g4 hxg4 34. hxg4 Bc1+ 35. Ke4 Bb2 36. Kd3 Bc1 37. Bg3 Bb2
38. Kc4 Bf6 39. Be1 Bd8 40. Bd2 b6 41. g5 Bc7 42. Bc3 Bd8 43. Kd3 Kf8 44.
Ke4 Kf7 45. Kf3 Kf8 46. Kg4 Kf7 47. f5 Be7 48. Bd2 Bd8 49. Be1 Bc7 1/2-1/2

[Event "Sparkassen Open A"]
[Site "Dortmund GER"]
[Date "2010.07.24"]
[Round "8"]
[White "Kahleys,K"]
[Black "Steinle,C"]
[Result "1/2-1/2"]
[WhiteElo "2071"]
[BlackElo "2151"]
[EventDate "2010.07.17"]

1. d4 Nf6 2. Nf3 b6 3. g3 Bb7 4. Bg2 e6 5. O-O d5 6. c4 dxc4 7. Qa4+ Nbd7
8. Ne5 Bxg2 9. Kxg2 Bd6 10. Nxc4 Qe7 11. Nc3 O-O 12. e4 e5 13. d5 Bb4 14.
Qc2 Qc5 15. Ne2 b5 16. Ne3 Rac8 17. Qd3 Qb6 18. a3 Bd6 19. b4 c5 20. dxc6
Rxc6 21. Bb2 Rfc8 22. Rfd1 a5 23. Nc3 axb4 24. axb4 Qd4 25. Qxb5 Qxb4 26.
Qxb4 Bxb4 27. Ncd5 Bc5 28. Rac1 Kf8 29. f3 Nxd5 30. Nxd5 Ke8 31. Rc2 Bd6
32. Rxc6 Rxc6 33. Rc1 1/2-1/2

[Event "Sparkassen Open A"]
[Site "Dortmund GER"]
[Date "2010.07.24"]
[Round "8"]
[White "Chilla,J"]
[Black "Richter,Gera"]
[Result "1-0"]
[WhiteElo "2143"]
[BlackElo "2119"]
[EventDate "2010.07.17"]

1. d4 d5 2. c4 dxc4 3. Nf3 Nf6 4. e3 e6 5. Bxc4 a6 6. O-O c5 7. dxc5 Qxd1
8. Rxd1 Bxc5 9. Nbd2 Nc6 10. Be2 Ke7 11. a3 Rd8 12. b4 Ba7 13. Bb2 b5 14.
Nb3 Bb7 15. Rxd8 Rxd8 16. Rc1 g6 17. Nc5 Bxc5 18. Rxc5 Ne4 19. Rc2 Rc8 20.
Bd3 Na7 21. Bd4 Rxc2 22. Bxc2 Nc8 23. Bxe4 Bxe4 24. Ng5 Bc6 25. Bc5+ Kf6
26. Nxh7+ Ke5 27. h4 f5 28. f3 Kd5 29. Kf2 Kc4 30. Nf6 1-0

[Event "Sparkassen Open A"]
[Site "Dortmund GER"]
[Date "2010.07.24"]
[Round "8"]
[White "Weber,Martin"]
[Black "Franke,T"]
[Result "0-1"]
[WhiteElo "2031"]
[BlackElo "2198"]
[EventDate "2010.07.17"]

1. d4 Nf6 2. Nf3 g6 3. g3 Bg7 4. Bg2 O-O 5. O-O d6 6. b3 c5 7. Bb2 Na6 8.
c4 Rb8 9. Nc3 cxd4 10. Nxd4 Nc5 11. e4 a6 12. Qd2 Bd7 13. Rfe1 b5 14. cxb5
axb5 15. Nd5 e5 16. Nxf6+ Bxf6 17. Nc2 Bc6 18. Rad1 Be7 19. Nb4 Qb6 20. Re2
Ra8 21. Qe3 Qb7 22. f4 f6 23. f5 g5 24. Rc1 Rfc8 25. Rec2 Bd7 26. Nd5 Bd8
27. a3 Bc6 28. b4 Na4 29. Qb3 Kg7 30. Ba1 Nb6 31. Nxb6 Bxb6+ 32. Kh1 Bxe4
33. h3 0-1

[Event "Sparkassen Open A"]
[Site "Dortmund GER"]
[Date "2010.07.24"]
[Round "8"]
[White "Wickenfeld,S"]
[Black "Schorra,H"]
[Result "1/2-1/2"]
[WhiteElo "1974"]
[BlackElo "2111"]
[EventDate "2010.07.17"]

1. e4 d6 2. Nf3 Nf6 3. Nc3 e5 4. Bc4 Be7 5. d4 Nbd7 6. dxe5 dxe5 7. O-O O-O
8. Qe2 c6 9. Rd1 Qc7 10. a3 b5 11. Ba2 a5 12. Bg5 Ba6 13. Qe1 Nc5 14. b4
axb4 15. axb4 Ne6 16. Bxe6 fxe6 17. Ne2 c5 18. Bxf6 Rxf6 19. Qc3 Bd6 20.
Qd2 Bf8 21. Qc3 Qb6 22. Qxe5 cxb4 23. Nf4 Rc8 24. Nh5 Rf7 25. Rd2 Rc5 26.
Qd4 Bc8 27. Ne5 Rfc7 28. Nf4 Qb8 29. Qb2 b3 30. Ned3 Rxc2 31. Rxc2 bxc2 32.
Rc1 b4 33. Rxc2 Rxc2 34. Qxc2 b3 35. Qb1 Ba6 36. Nxe6 Bxd3 37. Qxd3 b2 38.
Qb1 Qd6 39. Nc5 Qxc5 40. Qxb2 Qb4 41. Qxb4 Bxb4 42. g3 Kf7 43. Kg2 Ke6 44.
f4 Kd6 45. Kf3 h5 46. Kg2 Kc5 47. Kh3 Kd4 48. Kh4 Kxe4 49. Kxh5 Kf5 50. g4+
Kxf4 51. Kg6 Bc3 52. h4 1/2-1/2

[Event "Sparkassen Open A"]
[Site "Dortmund GER"]
[Date "2010.07.24"]
[Round "8"]
[White "Aulich,M"]
[Black "Tran,D"]
[Result "1-0"]
[WhiteElo "2102"]
[BlackElo "1958"]
[EventDate "2010.07.17"]

1. e4 e5 2. Nf3 d6 3. d4 exd4 4. Nxd4 g6 5. c4 Bg7 6. Be2 Nf6 7. Nc3 O-O 8.
O-O Re8 9. Bf3 Nbd7 10. Bf4 Nc5 11. Re1 Ne6 12. Nxe6 Bxe6 13. Nd5 Nd7 14.
Qd2 Ne5 15. Be2 c6 16. Ne3 Qh4 17. Bg3 Qxe4 18. f3 Qd4 19. Qxd4 Nxf3+ 20.
Bxf3 Bxd4 21. Bf2 Bxe3 22. Rxe3 Bxc4 23. Rxe8+ Rxe8 24. b3 Be6 25. Bxa7 Ra8
26. Bd4 c5 27. Bf6 d5 28. Rd1 d4 29. b4 cxb4 30. Rxd4 Bxa2 31. Rxb4 Rb8 32.
Rxb7 Rxb7 33. Bxb7 Kf8 34. Bc6 h5 35. h4 Bb3 36. Kf2 Ba2 37. Ke3 Bb3 38.
Kd4 Ba2 39. Ke5 Bb3 40. Bd5 Bc2 41. Kd6 Bd3 42. Bg5 Bb5 43. Bh6+ Ke8 44.
Ke5 Ke7 45. Bg5+ Kf8 46. Kf6 Be8 47. Bh6+ Kg8 48. Ke7 Kh7 49. Bg5 Bb5 50.
Bxf7 Bc6 51. Kf8 1-0

[Event "Sparkassen Open A"]
[Site "Dortmund GER"]
[Date "2010.07.24"]
[Round "8"]
[White "Grahl,Matthias"]
[Black "Virnyi,J"]
[Result "1-0"]
[WhiteElo "1776"]
[BlackElo "2099"]
[EventDate "2010.07.17"]

1. e4 c5 2. Nf3 d6 3. d4 cxd4 4. Nxd4 Nf6 5. Nc3 g6 6. Be3 Bg7 7. f3 O-O 8.
Bc4 Nc6 9. Qd2 Bd7 10. O-O-O Rb8 11. Bb3 Na5 12. g4 b5 13. Bh6 Bxh6 14.
Qxh6 Nc4 15. h4 e5 16. Ndxb5 Na5 17. Nxd6 Nxb3+ 18. axb3 Qe7 19. h5 Be6 20.
Nf5 gxf5 21. gxf5 Bxf5 22. exf5 Kh8 23. Rhg1 Rg8 24. Ne4 Nxe4 25. fxe4 f6
26. Rg6 Rbc8 27. Rdg1 a5 28. Rxg8+ Rxg8 29. Rxg8+ Kxg8 30. Qe3 Qb4 31. h6
Qb5 32. Qd3 Qb8 33. Qd5+ Kf8 34. Qxa5 Qc8 35. Qb4+ Ke8 36. Qc4 Qb8 37. Qg8+
1-0

[Event "Sparkassen Open A"]
[Site "Dortmund GER"]
[Date "2010.07.24"]
[Round "8"]
[White "Bauschmann,C"]
[Black "Carrasco,Pau"]
[Result "1/2-1/2"]
[WhiteElo "1871"]
[BlackElo "2038"]
[EventDate "2010.07.17"]

1. e4 Nf6 2. e5 Nd5 3. d4 d6 4. c4 Nb6 5. exd6 cxd6 6. Be3 g6 7. Nc3 Bg7 8.
Rc1 O-O 9. Be2 Nc6 10. h3 d5 11. c5 Nc4 12. Bxc4 dxc4 13. Nf3 Bf5 14. O-O
Bd3 15. Re1 Re8 16. b3 Nxd4 17. bxc4 Nf5 18. Qb3 Nxe3 19. Rxe3 Bh6 20. Rd1
Bxe3 21. fxe3 e5 22. Ne4 Bxe4 23. Rxd8 Raxd8 24. Qb2 f6 25. Nd2 Bc6 26. Nb3
Rd1+ 27. Kh2 Red8 28. Qe2 a5 29. Qg4 f5 30. Qg3 a4 31. Na5 Be4 32. Qxe5 Kf7
33. h4 R8d2 34. Qc7+ Rd7 35. Qb8 R1d2 36. Qh8 Rxg2+ 37. Kh3 h5 38. Qh7+ Ke6
39. Qg8+ Ke7 40. Qg7+ Kd8 41. Qh8+ 1/2-1/2

[Event "Sparkassen Open A"]
[Site "Dortmund GER"]
[Date "2010.07.24"]
[Round "8"]
[White "Schuelke,T"]
[Black "Henkemeier,Mi"]
[Result "1-0"]
[WhiteElo "2053"]
[BlackElo "1922"]
[EventDate "2010.07.17"]

1. Nf3 Nf6 2. c4 g6 3. Nc3 Bg7 4. d4 O-O 5. g3 d6 6. Bg2 Nbd7 7. O-O e5 8.
e4 exd4 9. Nxd4 Ne5 10. b3 Bg4 11. f3 Bd7 12. Bb2 Qc8 13. Qc2 Bh3 14. f4
Bxg2 15. Kxg2 Ned7 16. Rfe1 Nc5 17. Re2 h5 18. Rf1 h4 19. b4 h3+ 20. Kg1
Na6 21. e5 dxe5 22. fxe5 Ng4 23. Nd5 Qd8 24. Nf3 c6 25. Nf4 Nxb4 26. Qe4
Qb6+ 27. Bd4 c5 28. Ba1 Rfe8 29. a3 f5 30. Qb1 Nc6 31. Rb2 Qa5 32. Rb5 Qxa3
33. Rb3 Qa5 34. Nxg6 Nd4 35. Bxd4 cxd4 36. Rc1 Ne3 37. Rxb7 Qa6 38. Ngh4
Bxe5 39. Rb5 Bf6 40. Qb3 Qe6 41. Rb7 a5 42. Rb6 Qf7 43. Qd3 Bg7 44. c5 Nd5
45. Rg6 Nb4 46. Qxf5 Qxf5 47. Nxf5 Ra7 48. N3xd4 Nd3 49. Rd1 Nxc5 50. Kf2
a4 51. Kf3 a3 52. Nb5 Rf7 53. Rxg7+ Rxg7 54. Nxg7 Kxg7 1-0

[Event "Sparkassen Open A"]
[Site "Dortmund GER"]
[Date "2010.07.24"]
[Round "8"]
[White "Barskij,A"]
[Black "Konow,P"]
[Result "1-0"]
[WhiteElo "2000"]
[BlackElo "1889"]
[EventDate "2010.07.17"]

1. e4 c5 2. Nf3 Nc6 3. d4 cxd4 4. Nxd4 e5 5. Nb5 d6 6. N1c3 a6 7. Na3 b5 8.
Nd5 Nce7 9. c4 Nxd5 10. exd5 Nf6 11. cxb5 Be7 12. Be2 O-O 13. O-O Bb7 14.
bxa6 Bxd5 15. Be3 Be6 16. Rc1 Nd5 17. Rc6 Nxe3 18. fxe3 Qd7 19. Bb5 Qa7 20.
Qc1 Rac8 21. Rxc8 Rxc8 22. Qd2 d5 23. Nb1 Bc5 24. Re1 d4 25. exd4 Bxd4+ 26.
Kh1 Bxa2 27. Nc3 Be6 28. Bf1 Bxc3 29. bxc3 Qc5 30. Ra1 f6 31. Qb2 Bd5 32.
Qb4 Qxc3 33. Qxc3 Rxc3 34. Rd1 Rc5 35. Rxd5 Rc1 36. Kg1 Ra1 37. Rd7 e4 38.
Kf2 e3+ 39. Kxe3 Re1+ 40. Be2 1-0

[Event "Sparkassen Open A"]
[Site "Dortmund GER"]
[Date "2010.07.24"]
[Round "8"]
[White "Krueger,Er"]
[Black "Henkemeier,Markus"]
[Result "1-0"]
[WhiteElo "2255"]
[BlackElo "1822"]
[EventDate "2010.07.17"]

1. d4 Nf6 2. c4 e6 3. Nc3 c5 4. d5 exd5 5. cxd5 d6 6. Nf3 g6 7. Nd2 Nbd7 8.
e4 Nb6 9. Be2 Bd7 10. a4 a6 11. O-O Bg7 12. f4 O-O 13. a5 Nc8 14. e5 Ne8
15. Nf3 Bg4 16. Ng5 Bxe2 17. Qxe2 h6 18. Nf3 Nc7 19. Be3 Re8 20. Qd2 Ne7
21. Rad1 Nf5 22. Bf2 h5 23. Rfe1 Bh6 24. exd6 Rxe1+ 25. Rxe1 Qxd6 26. Ng5
Bxg5 27. fxg5 Kg7 28. b4 cxb4 29. Ne4 Qe5 30. Qxb4 Nxd5 31. Qxb7 Rb8 32.
Qxa6 Rb2 33. Ng3 Qf4 34. Nxf5+ gxf5 35. Qh6+ 1-0

[Event "Sparkassen Open A"]
[Site "Dortmund GER"]
[Date "2010.07.24"]
[Round "8"]
[White "Glahn,Michael"]
[Black "Richters,M"]
[Result "1-0"]
[WhiteElo "1826"]
[BlackElo "1951"]
[EventDate "2010.07.17"]

1. e4 d6 2. d4 g6 3. f4 Bg7 4. Nf3 Nf6 5. Bd3 O-O 6. O-O c5 7. c3 Bg4 8.
dxc5 dxc5 9. h3 Bxf3 10. Qxf3 Nc6 11. Kh1 Rc8 12. Nd2 Nd7 13. Qe2 a6 14.
Nf3 b5 15. Bd2 c4 16. Bc2 e5 17. f5 gxf5 18. exf5 Nf6 19. Bg5 Qc7 20. Nd2
Kh8 21. Bxf6 Bxf6 22. Ne4 Qe7 23. Qh5 Rg8 24. g4 Nd4 25. cxd4 exd4 26. Rae1
d3 27. Bd1 Bxb2 28. f6 Qe5 29. Rf5 Qe6 30. Re3 c3 31. Ng5 Rxg5 32. Qxg5 Rg8
33. Rxe6 Rxg5 34. Re8+ Rg8 35. Rfe5 h6 36. Rxg8+ Kxg8 37. Rc5 Kh7 38. Kg2
Kg6 39. Kf3 Kxf6 40. Ke3 c2 41. Bxc2 dxc2 42. Rxc2 Ba1 43. Rc6+ Kg5 44.
Rxa6 b4 45. Ra5+ Kg6 46. Rb5 Bc3 47. Kd3 f6 48. a3 1-0

[Event "Sparkassen Open A"]
[Site "Dortmund GER"]
[Date "2010.07.24"]
[Round "8"]
[White "Maniocha,M"]
[Black "Lienau,H"]
[Result "1-0"]
[WhiteElo "2051"]
[BlackElo "1763"]
[EventDate "2010.07.17"]

1. d4 d5 2. Nf3 e6 3. c3 c5 4. e3 Nc6 5. Bd3 Nf6 6. Nbd2 Be7 7. O-O O-O 8.
Re1 cxd4 9. exd4 b6 10. Ne5 Bb7 11. Ndf3 Nd7 12. Nxc6 Bxc6 13. Ne5 Nxe5 14.
Rxe5 Bf6 15. Re3 g6 16. Qe2 Bg7 17. Rh3 Bd7 18. Rg3 Re8 19. Bf4 Qe7 20. Re1
f6 21. Re3 Kf7 22. h4 Kg8 23. Qf3 Qf7 24. Qg3 b5 25. Qf3 a6 26. Qd1 Qe7 27.
a3 e5 28. dxe5 fxe5 29. Bxe5 Qxh4 30. Bxg7 Kxg7 31. Qf3 Rf8 32. Re7+ Kh8
33. Qe3 Bf5 34. g3 Qf6 35. Qh6 Rf7 36. Re8+ Rf8 37. R1e7 Bxd3 38. Qxh7+ 1-0

[Event "Sparkassen Open A"]
[Site "Dortmund GER"]
[Date "2010.07.25"]
[Round "9"]
[White "Cherniaev,A1"]
[Black "Henrichs,T"]
[Result "1/2-1/2"]
[WhiteElo "2469"]
[BlackElo "2490"]
[EventDate "2010.07.17"]

1. e4 c6 2. d4 d5 3. exd5 cxd5 4. c4 Nf6 5. Nc3 Nc6 6. Bg5 dxc4 7. Bxc4 h6
8. Be3 e6 9. Nf3 Bd6 10. O-O O-O 11. Rc1 b6 12. Qe2 Bb7 13. Rfd1 Ne7 14.
Ne5 Ned5 15. Bd2 Nxc3 16. bxc3 Be4 17. Bf4 Ba3 18. Ra1 Rc8 19. Bc1 Qe7 20.
Bd3 Bxd3 21. Rxd3 Bxc1 22. Rxc1 Rfd8 23. c4 1/2-1/2

[Event "Sparkassen Open A"]
[Site "Dortmund GER"]
[Date "2010.07.25"]
[Round "9"]
[White "Zaitsev,Mikhail V"]
[Black "Kartsev,A2"]
[Result "1-0"]
[WhiteElo "2507"]
[BlackElo "2145"]
[EventDate "2010.07.17"]

1. e4 d5 2. exd5 Nf6 3. Nf3 Nxd5 4. d4 Bg4 5. h3 Bxf3 6. Qxf3 Nc6 7. c3 e6
8. Bb5 Qf6 9. Nd2 Be7 10. O-O O-O 11. Re1 Rfd8 12. Qe4 Qg6 13. Qxg6 hxg6
14. Nf3 Rd6 15. g3 a6 16. Bf1 Rc8 17. Bd2 f6 18. h4 Kf7 19. Bh3 b5 20. a4
Nd8 21. axb5 axb5 22. b3 c5 23. Ra5 cxd4 24. Nxd4 Nxc3 25. Bxc3 Rxc3 26.
Nxb5 Rd5 27. Bg2 Rdc5 28. Nxc3 Rxa5 29. Rd1 Ra6 30. Bf1 Rb6 31. Nb5 Nb7 32.
Bc4 Na5 33. Rd3 Rc6 34. Rd4 Rc5 35. Re4 Nxc4 36. bxc4 f5 37. Rd4 e5 38. Rd7
Ke6 39. Rb7 Kf6 40. Nc7 1-0

[Event "Sparkassen Open A"]
[Site "Dortmund GER"]
[Date "2010.07.25"]
[Round "9"]
[White "Wittenberg,A"]
[Black "Nalbandian,T"]
[Result "0-1"]
[WhiteElo "2143"]
[BlackElo "2453"]
[EventDate "2010.07.17"]

1. Nf3 Nf6 2. g3 d5 3. d4 Bf5 4. Bg2 e6 5. O-O Be7 6. c4 c6 7. b3 O-O 8.
Bb2 Nbd7 9. Nc3 h6 10. Rc1 Ne4 11. Nxe4 Bxe4 12. Nd2 Bxg2 13. Kxg2 f5 14.
e3 Bd6 15. Nf3 Qf6 16. Qd2 g5 17. Bc3 Qe7 18. Rh1 Nf6 19. h4 g4 20. Ne1 Ne4
21. Qe2 Bxg3 22. fxg3 Qd6 23. Rh2 Qxg3+ 24. Kh1 f4 25. exf4 Qxf4 26. Rg2
Kh7 27. Bd2 Qf1+ 28. Qxf1 Rxf1+ 29. Kh2 g3+ 30. Kh3 Nf2+ 31. Kxg3 Rg8+ 32.
Kf3 Ne4+ 33. Ke3 Rxe1+ 34. Bxe1 Rxg2 35. cxd5 exd5 36. a4 Kg6 37. Kf4 Rg1
38. Bd2 Rg2 39. h5+ Kxh5 40. Be3 Kg6 41. Ke5 Rg3 42. Re1 h5 43. b4 h4 44.
b5 h3 45. bxc6 bxc6 46. Bf4 Rf3 47. Rc1 Nc3 48. Bh2 Rf2 49. Bg3 Rf5+ 50.
Kd6 Ne2 51. Rh1 Nxg3 52. Rxh3 Ne2 0-1

[Event "Sparkassen Open A"]
[Site "Dortmund GER"]
[Date "2010.07.25"]
[Round "9"]
[White "Bluebaum,M"]
[Black "Carlstedt,J"]
[Result "1/2-1/2"]
[WhiteElo "2098"]
[BlackElo "2379"]
[EventDate "2010.07.17"]

1. d4 d5 2. c4 e6 3. Nc3 c5 4. cxd5 exd5 5. Nf3 Nc6 6. g3 Nf6 7. Bg2 Be7 8.
O-O O-O 9. dxc5 Bxc5 10. Na4 Bd6 11. Bg5 Re8 12. Bxf6 Qxf6 13. Qxd5 Rxe2
14. Rfe1 Rxe1+ 15. Rxe1 Bg4 16. h3 Bf5 17. Qb5 Rb8 18. Nc5 Bxc5 19. Qxc5 h6
20. b3 b6 21. Qe3 Qd6 22. Qd2 Qxd2 23. Nxd2 Nb4 24. Re7 Rd8 25. Nc4 Rd1+
26. Kh2 Rd7 27. Re8+ Kh7 28. Re2 Rc7 29. a3 Nc2 30. Ne3 Nd4 31. Rb2 Be6 32.
Be4+ g6 33. Nd5 Rc5 34. b4 Rxd5 35. Bxd5 Bxd5 36. g4 b5 37. Kg3 Bc4 38. Rd2
Ne2+ 39. Kf3 Nc3 40. Rd7 Kg7 41. Rxa7 Kf6 42. Ke3 Ke5 43. f4+ Kd6 44. Kd4
Ne2+ 45. Ke4 Bd5+ 46. Ke3 Nc3 47. Kd4 Na4 48. Ra6+ Bc6 49. Ra7 Bd7 50. Ra6+
Ke7 51. Ra7 Nb6 52. Ra6 Na4 53. Ra7 Nb2 54. Ra8 Nc4 55. Kc5 Nb2 56. Kd4 Be6
57. Ra5 Bd7 58. Ra8 Nd1 59. Rh8 Kf6 60. Rd8 Ke7 1/2-1/2

[Event "Sparkassen Open A"]
[Site "Dortmund GER"]
[Date "2010.07.25"]
[Round "9"]
[White "Boehm,Ju2"]
[Black "Kuznetsov,Mar"]
[Result "1/2-1/2"]
[WhiteElo "2214"]
[BlackElo "2085"]
[EventDate "2010.07.17"]

1. d4 d5 2. c4 c6 3. Nf3 Nf6 4. Nc3 e6 5. Bg5 Be7 6. e3 Nbd7 7. Rc1 O-O 8.
Bd3 dxc4 9. Bxc4 b5 10. Bd3 b4 11. Na4 Bb7 12. O-O Rc8 13. Ne5 c5 14. Bxf6
Nxf6 15. Nxc5 Bxc5 16. Rxc5 Rxc5 17. dxc5 Qc7 18. c6 Bxc6 19. Nxc6 Qxc6 20.
Qe2 Rc8 21. Rd1 g6 22. h3 Kg7 23. Ba6 Qc2 24. Kf1 Qxe2+ 25. Kxe2 Rc2+ 26.
Rd2 Rxd2+ 27. Kxd2 Ne4+ 28. Ke2 Kf6 29. f4 h6 30. h4 Ke7 31. g4 f6 32. Bd3
f5 33. Bxe4 fxe4 34. b3 h5 35. gxh5 gxh5 36. Kf2 e5 37. Kg3 Ke6 38. fxe5
Kxe5 1/2-1/2

[Event "Sparkassen Open A"]
[Site "Dortmund GER"]
[Date "2010.07.25"]
[Round "9"]
[White "Quast,M"]
[Black "Bach,Mat"]
[Result "1-0"]
[WhiteElo "2146"]
[BlackElo "2303"]
[EventDate "2010.07.17"]

1. e4 d6 2. d4 Nf6 3. Nc3 g6 4. Nf3 a6 5. Be2 b5 6. a3 Bb7 7. e5 dxe5 8.
dxe5 Qxd1+ 9. Bxd1 Nd5 10. Nxd5 Bxd5 11. O-O Nd7 12. Re1 Bg7 13. Bf4 Nf8
14. Nd2 Ne6 15. Bg3 Rd8 16. Ne4 h5 17. h4 Bh6 18. c3 O-O 19. b4 Bxe4 20.
Rxe4 Rd3 21. c4 Rfd8 22. Be2 R3d4 23. Rxd4 Nxd4 24. Bf1 Nb3 25. Re1 c6 26.
f4 Rd2 27. cxb5 cxb5 28. Re2 Rd4 29. Re3 Nc1 30. Rc3 Rd1 31. Kf2 Na2 32.
Rc6 Ra1 33. Rxa6 Nc3 34. Bd3 e6 35. Ra5 Ra2+ 36. Kf3 Rd2 37. Bf1 Rd1 38.
Be2 Rc1 39. Ke3 Nd5+ 40. Ke4 Rc2 41. Bxb5 Rxg2 42. Kf3 Rc2 43. Bd3 Rc3 44.
Ke4 Rb3 45. Bf2 f5+ 46. exf6 Nxf6+ 47. Kd4 Rb2 48. Be3 Bg7 49. Kc4 Rh2 50.
Bxg6 Rxh4 51. Re5 Nd5 52. Rxe6 Nxe3+ 53. Rxe3 Rxf4+ 54. Re4 Rf1 55. Bxh5
Bf8 56. Be2 Ra1 57. Re3 Kf7 58. Kb5 Be7 59. Bh5+ Kf6 60. a4 Bd6 61. Re4 Kf5
62. Rc4 Ra3 63. a5 Ke5 64. Be8 Ke6 65. a6 Be5 66. Kb6 Kd5 67. Rc5+ Kd6 68.
Rxe5 Kxe5 69. b5 Kd6 70. Kb7 Re3 71. Bc6 Re7+ 72. Kb6 1-0

[Event "Sparkassen Open A"]
[Site "Dortmund GER"]
[Date "2010.07.25"]
[Round "9"]
[White "Savchenko,Alek"]
[Black "Tkachuk,K"]
[Result "1-0"]
[WhiteElo "2275"]
[BlackElo "2181"]
[EventDate "2010.07.17"]

1. d4 Nf6 2. Nf3 g6 3. e3 Bg7 4. b4 O-O 5. Bb2 d6 6. Be2 c6 7. O-O Nbd7 8.
c4 Qc7 9. Nc3 e5 10. a4 a6 11. Qb3 h6 12. Rfd1 Ne8 13. b5 Kh7 14. Ba3 c5
15. Nd5 Qd8 16. Bb2 e4 17. Nd2 f5 18. dxc5 Nxc5 19. Qc2 a5 20. Nb3 Bxb2 21.
Qxb2 Nxb3 22. Qxb3 b6 23. Rd2 Bb7 24. Nf4 Qe7 25. Rad1 g5 26. Nd5 Bxd5 27.
cxd5 Rc8 28. Rc2 Rc5 29. Bh5 Nf6 30. Rxc5 dxc5 31. d6 Qd7 32. Be2 Re8 33.
Bc4 Kg7 34. Bd5 Nxd5 35. Qxd5 Rc8 36. Qc6 Qd8 37. d7 Rxc6 38. bxc6 Kf7 39.
c7 1-0

[Event "Sparkassen Open A"]
[Site "Dortmund GER"]
[Date "2010.07.25"]
[Round "9"]
[White "Guennigmann,M"]
[Black "Harff,M"]
[Result "1/2-1/2"]
[WhiteElo "2234"]
[BlackElo "2168"]
[EventDate "2010.07.17"]

1. e4 c5 2. Nf3 Nc6 3. d4 cxd4 4. Nxd4 d5 5. Bb5 dxe4 6. Nxc6 Qxd1+ 7. Kxd1
a6 8. Ba4 Bd7 9. Nc3 Bxc6 10. Bxc6+ bxc6 11. Nxe4 e5 12. Ke2 f5 13. Nd2 Bd6
14. Nc4 Bc7 15. Rd1 Ke7 16. b3 Nf6 17. Ba3+ Ke6 18. Bd6 Rac8 19. Bxc7 Rxc7
20. Kf1 Rd7 21. Rxd7 Nxd7 22. Rd1 Ke7 23. Ke2 Rf8 24. Rd6 Rf6 25. Rxf6 gxf6
26. b4 Ke6 27. Kd3 c5 28. c3 f4 29. Nd2 cxb4 30. cxb4 Kd5 31. Ne4 f5 32.
Nc3+ Kc6 33. g3 fxg3 34. hxg3 Nf6 35. Kc4 Ng4 36. Nd5 f4 37. gxf4 exf4 38.
Nxf4 Nxf2 39. a4 Ne4 40. b5+ axb5+ 41. axb5+ Kb6 42. Nd5+ 1/2-1/2

[Event "Sparkassen Open A"]
[Site "Dortmund GER"]
[Date "2010.07.25"]
[Round "9"]
[White "Bouaraba,M"]
[Black "Chilla,J"]
[Result "1-0"]
[WhiteElo "2224"]
[BlackElo "2143"]
[EventDate "2010.07.17"]

1. d4 Nf6 2. Nf3 e6 3. g3 b5 4. Qd3 b4 5. Bg2 d5 6. c4 bxc3 7. Nxc3 Be7 8.
Bf4 O-O 9. O-O a5 10. Rac1 Ba6 11. Qc2 c5 12. Rfd1 Nh5 13. Bxb8 Qxb8 14. e4
cxd4 15. Nxd4 Bg5 16. Rb1 Rc8 17. exd5 Ra7 18. Nc6 Rxc6 19. dxc6 Nf4 20.
gxf4 Bxf4 21. h3 f5 22. Rd7 Bh2+ 23. Kh1 1-0

[Event "Sparkassen Open A"]
[Site "Dortmund GER"]
[Date "2010.07.25"]
[Round "9"]
[White "Franke,T"]
[Black "Kahleys,K"]
[Result "1/2-1/2"]
[WhiteElo "2198"]
[BlackElo "2071"]
[EventDate "2010.07.17"]

1. e4 c5 2. c3 e6 3. d4 d5 4. exd5 exd5 5. Nf3 Nc6 6. Bb5 Bd6 7. dxc5 Bxc5
8. O-O Nge7 9. Nbd2 O-O 10. Nb3 Bb6 11. Bd3 Bf5 12. Qc2 Qd7 13. Bf4 f6 14.
Rad1 Rfd8 15. Rfe1 Rac8 16. Bxf5 Qxf5 17. Qxf5 Nxf5 18. g4 Nfe7 19. Bg3 Ng6
20. Rd2 Kf7 21. Red1 Nge7 22. h3 g5 23. Kg2 Rd7 24. Nfd4 Nxd4 25. Nxd4 Bxd4
26. Rxd4 Rcd8 27. f4 Nc6 28. R4d3 h6 29. h4 Ke8 30. fxg5 fxg5 31. h5 d4 32.
cxd4 Rxd4 33. Rxd4 Rxd4 34. Rxd4 Nxd4 35. Bf2 Nc6 36. Bc5 Kf7 37. Bd6 a6
38. a4 b5 39. b3 bxa4 40. bxa4 Kf6 41. Bf8 Ne5 42. Kg3 Nf7 43. Kf3 Ne5+ 44.
Kg3 Nf7 45. a5 Ke6 46. Bg7 Kd5 47. Kf3 1/2-1/2

[Event "Sparkassen Open A"]
[Site "Dortmund GER"]
[Date "2010.07.25"]
[Round "9"]
[White "Bub,V"]
[Black "Butschek,T"]
[Result "1-0"]
[WhiteElo "2193"]
[BlackElo "2040"]
[EventDate "2010.07.17"]

1. e4 c5 2. Nf3 e6 3. d3 Nc6 4. g3 Be7 5. Bg2 Nf6 6. O-O O-O 7. Re1 d5 8.
Nbd2 b5 9. e5 Ne8 10. Nf1 Bb7 11. h4 Nc7 12. N1h2 d4 13. Ng5 h6 14. Nh3 Na5
15. Qg4 Kh8 16. Bxb7 Nxb7 17. Qh5 Kh7 18. Ng4 Nd5 19. Nxh6 g6 20. Qf3 Kg7
21. Ng4 Rh8 22. Bg5 Bxg5 23. Nxg5 Qe7 24. Ne4 Rad8 25. Nef6 Nb4 26. Re2 c4
27. a3 Nd5 28. Re4 Nb6 29. Rf4 Nc5 30. Kg2 Nba4 31. Rb1 cxd3 32. cxd3 Nb3
33. Ne4 Nac5 34. Nxc5 Nxc5 35. Re1 Rh5 36. b4 Na4 37. Nf6 Rf5 38. h5 Rg5
39. hxg6 Rxg6 40. Rh1 Rh8 41. Rxh8 Kxh8 42. Qh5+ 1-0

[Event "Sparkassen Open A"]
[Site "Dortmund GER"]
[Date "2010.07.25"]
[Round "9"]
[White "Sundorf,Jannik"]
[Black "Mazarov,J"]
[Result "1-0"]
[WhiteElo "2070"]
[BlackElo "2167"]
[EventDate "2010.07.17"]

1. d4 Nf6 2. c4 e6 3. Nf3 d5 4. g3 dxc4 5. Bg2 a6 6. Ne5 c5 7. Na3 cxd4 8.
Naxc4 Bb4+ 9. Bd2 Bxd2+ 10. Qxd2 O-O 11. Rd1 Ra7 12. Qxd4 Qxd4 13. Rxd4 b5
14. Nd6 Rc7 15. Nxc8 Rfxc8 16. O-O Kf8 17. Rfd1 Ke7 18. Bf3 Nbd7 19. Nxd7
Rxd7 20. Rxd7+ Nxd7 21. Rd2 a5 22. Kg2 b4 23. e3 Rc1 24. Bd1 Ra1 25. b3 Nf6
26. Bf3 Rc1 27. h3 Ne8 28. Be2 Nd6 29. Bd3 h6 30. h4 f5 31. f3 e5 32. e4
fxe4 33. Bxe4 Rc5 34. Kh3 Nb5 35. Kg4 Kf6 36. Kh5 Nc3 37. g4 Rc7 38. Rd6+
Ke7 39. Ra6 a4 40. Kg6 a3 41. Kxg7 Nxa2 42. Kxh6 Nc1 43. g5 Nxb3 44. g6 Nc5
45. g7 Rc8 46. Ra7+ Kd6 47. Bf5 Rb8 48. Kh7 Kd5 49. g8=Q+ Rxg8 50. Kxg8 Kc4
51. h5 Kb3 1-0

[Event "Sparkassen Open A"]
[Site "Dortmund GER"]
[Date "2010.07.25"]
[Round "9"]
[White "Steinle,C"]
[Black "Grahl,Matthias"]
[Result "1-0"]
[WhiteElo "2151"]
[BlackElo "1776"]
[EventDate "2010.07.17"]

1. d4 Nf6 2. Nf3 g6 3. b3 Bg7 4. Bb2 O-O 5. e3 d5 6. Nbd2 b6 7. Be2 Nbd7 8.
O-O Bb7 9. Ne5 Nxe5 10. dxe5 Nd7 11. f4 e6 12. c4 Qe7 13. Bf3 f6 14. Qc2 c5
15. exf6 Nxf6 16. Rae1 Rad8 17. e4 dxe4 18. Nxe4 Nxe4 19. Bxe4 Bxe4 20.
Rxe4 Bxb2 21. Qxb2 Qd6 22. Qe2 Rfe8 23. Re1 Kf7 24. Qg4 Qd2 25. R4e2 Qd4+
26. Kh1 Qf6 27. Qh3 h5 28. Qf3 Re7 29. Re5 Rd4 30. g3 h4 31. Qe2 hxg3 32.
hxg3 Rd6 33. Qg4 Re8 34. Kg1 a5 35. a4 Ke7 36. Qh3 Kd8 37. Kf1 Re7 38. Qh1
Ke8 39. Qa8+ Kf7 40. Qe4 Red7 41. Qh1 Ke7 42. Qh6 Rd8 43. Qh7+ Qf7 44. Qh3
Qf6 45. R1e2 R8d7 46. Kg2 Rd8 47. Qg4 Kf7 48. Qf3 Qh8 49. Qe4 Rd1 50. Kf2
Qh2+ 51. Qg2 Qxg2+ 52. Kxg2 R8d6 53. Kf3 R1d3+ 54. R2e3 Rxe3+ 55. Rxe3 Kf6
56. Kg4 Rd4 57. Kh4 g5+ 58. Kg4 gxf4 59. gxf4 Ke7 60. Kg5 Kd7 61. Re1 Rd3
62. Kf6 Rxb3 63. Rxe6 Kc7 64. Ke7 Rb4 65. f5 Rxc4 66. f6 Rf4 67. f7 Rxf7+
68. Kxf7 b5 69. axb5 a4 70. Ke7 a3 71. Ra6 c4 72. Ke6 a2 73. Kd5 1-0

[Event "Sparkassen Open A"]
[Site "Dortmund GER"]
[Date "2010.07.25"]
[Round "9"]
[White "Mundorf,J"]
[Black "Naundorf,M"]
[Result "1/2-1/2"]
[WhiteElo "1903"]
[BlackElo "2127"]
[EventDate "2010.07.17"]

1. d4 Nf6 2. Nf3 c5 3. d5 b5 4. Bg5 Ne4 5. Qd3 Nxg5 6. Nxg5 e6 7. Nf3 c4 8.
Qd4 Bb7 9. a4 Qa5+ 10. Qd2 b4 1/2-1/2